The Trailer Park Boys Quiz - Statistics

General Stats
  • This quiz has been taken 286 times
  • The average score is 9 of 15
Answer Stats
Hint Answer % Correct
What's the name of the trailer park? Sunnyvale Trailer Park
96%
The boys are always trying to sell this drug. Marijuana
90%
This character faked disability until Lahey busted him in Season 5. Ray
84%
Bubbles? Mike Smith
83%
This guy tried to assume control of the park on the first episode. Cyrus
81%
What province does this take place? Nova Scotia
79%
Series creator/director Mike Clattenburg
76%
How many specials? 2
67%
Julian? John Paul Tremblay
66%
Something that Ricky says incorrectly is called a ... ? Rickyism
54%
Who portrays Ricky? Robb Wells
53%
Ricky kidnaps this famous rocker in Season 4. Alex Lifeson
46%
Trailer Park Boys aired on this network. Showcase
43%
How many regular season episodes were there? 55
15%
In the USA, it was on this network for a short while (and censored). BBC America
2%
No matching quizzes found
Score Distribution
Percent of People with Each Score
Percentile by Number Answered
Your Score History
You have not taken this quiz